000 00582nam a22001817a 4500
999 _c57751
_d57751
005 20201022143939.0
008 201022s2015 enk||||| |||| 00| 0 eng d
020 _a9780198714927
041 _aeng
080 _a341.217(4) C-87
100 _aCraig Paul
_99673
245 _aEU Law :
_bText, Cases, and Materials /
_cPaul Craig (Author), Gráinne de Búrca (Author).
264 _aOxford :
_bOxford University press,
_c2015.
300 _a1198 p.
_b25 cm.
653 _aსამართალი
700 _aBúrca, Gráinne de
_eავტორი
_99674
942 _2udc
_cBK